Make do with what you have : 100 delicious new ... Read More
Available copies
- 1 of 2 copies available at LARL/NWRL Consortium.
- 0 of 1 copy available at Lake Agassiz Regional Library. (Show preferred library)
Current holds
0 current holds with 2 total copies.
Show Only Available Copies
| Location | Call Number / Copy Notes | Barcode | Shelving Location | Status | Due Date |
|---|---|---|---|---|---|
| Moorhead Public Library | 641.5975 BRO (Text) | 33500014384770 | New | Checked out | 07/23/2026 |
| Hallock Public Library | 641.5 BRO (Text) | 35500006910192 | New | Available | - |
Record details
- ISBN: 9780063425576
- ISBN: 0063425572
- Physical Description: ix, 259 pages : color illustrations ; 24 cm
- Edition: First edition.
- Publisher: New York, NY : Amistad, an imprint of HarperCollins Publishers, [2025]
- Copyright: ©2025
Content descriptions
| General Note: | Includes index. |
| Formatted Contents Note: | Introduction -- Getting started -- Tasty cuts -- ... Read More |
| Summary, etc.: | "The New York Times bestselling author of The Way ... Read More |
Search for related items by subject
| Subject: | Cooking, American > Southern style. Gullah cooking. Low budget cooking. |
| Genre: | Cookbooks. Recipes. Informational works. Instructional and educational works. Cookbooks. Recipes. Informational works. Instructional and educational works. Illustrated works. |
| LDR | 03481cam a22007338i 4500 | ||
|---|---|---|---|
| 001 | 477294 | ||
| 003 | LARL_NWRL_CONSORTIUM | ||
| 005 | 20260105154235.0 | ||
| 008 | 250313t20252025nyua e 001 0 eng | ||
| 007 | ta | ||
| 010 | . | ‡a 2025010742 | |
| 040 | . | ‡aDLC ‡beng ‡erda ‡cDLC ‡dIG# ‡dOCLCO ‡dMJ8 ‡dOCLCO ‡dCCPLG ‡dRNL ‡dJAS ‡dUAP ‡dMLSOD | |
| 020 | . | ‡a9780063425576 ‡qhardcover | |
| 020 | . | ‡a0063425572 ‡qhardcover | |
| 020 | . | ‡z9780063425583 ‡qebook | |
| 035 | . | ‡a(OCoLC)1490364755 | |
| 042 | . | ‡apcc | |
| 043 | . | ‡an-us--- | |
| 082 | 0 | 0. | ‡a641.59757/99 ‡223/eng/20250319 |
| 100 | 1 | . | ‡aBrown, Kardea, ‡eauthor. ‡4aut ‡4http://id.loc.gov/vocabulary/relators/aut ‡1http://id.loc.gov/rwo/agents/no2022143515 |
| 245 | 1 | 0. | ‡aMake do with what you have : ‡b100 delicious new recipes from favorite old-school meals / ‡cKardea Brown. |
| 250 | . | ‡aFirst edition. | |
| 264 | 1. | ‡aNew York, NY : ‡bAmistad, an imprint of HarperCollins Publishers, ‡c[2025] | |
| 264 | 4. | ‡c©2025 | |
| 300 | . | ‡aix, 259 pages : ‡bcolor illustrations ; ‡c24 cm | |
| 334 | . | ‡asingle unit ‡bmono | |
| 336 | . | ‡atext ‡btxt ‡2rdacontent | |
| 337 | . | ‡aunmediated ‡bn ‡2rdamedia | |
| 338 | . | ‡avolume ‡bnc ‡2rdacarrier | |
| 500 | . | ‡aIncludes index. | |
| 505 | 0 | . | ‡aIntroduction -- Getting started -- Tasty cuts -- Poultry perfected -- From sea to table -- Rice and grains -- Good greens -- Flour, sugar, and butter -- Acknowledgments -- Universal conversion chart -- Index. |
| 520 | . | ‡a"The New York Times bestselling author of The Way Home returns with 100 fantastic recipes-mouthwatering and budget friendly updates of her favorite childhood meals"-- Provided by publisher. | |
| 650 | 0. | ‡aCooking, American ‡xSouthern style. ‡0(LARL_NWRL_CONSORTIUM)17601 | |
| 650 | 0. | ‡aGullah cooking. | |
| 650 | 0. | ‡aLow budget cooking. ‡0(LARL_NWRL_CONSORTIUM)24838 | |
| 655 | 0. | ‡aCookbooks. ‡0(LARL_NWRL_CONSORTIUM)175846 | |
| 655 | 0. | ‡aRecipes. | |
| 655 | 0. | ‡aInformational works. | |
| 655 | 0. | ‡aInstructional and educational works. | |
| 655 | 7. | ‡aCookbooks. ‡2lcgft ‡0(LARL_NWRL_CONSORTIUM)175846 | |
| 655 | 7. | ‡aRecipes. ‡2lcgft | |
| 655 | 7. | ‡aInformational works. ‡2lcgft | |
| 655 | 7. | ‡aInstructional and educational works. ‡2lcgft | |
| 655 | 7. | ‡aIllustrated works. ‡2lcgft | |
| 901 | . | ‡a477294 ‡bAUTOGEN ‡c477294 ‡tbiblio | |

Add to basket
Permalink
Disable Highlighting